00281nam a2200133Ia 45000030006000000080041000060400015000471000016000622450021000782500010000992600009001095460012001180050017001300STCL150530s9999 xx 000 0 und d aSTCLcSTCL aGeorge Fisk aMarketing system aFirst c1969 aEnglish20220125165514.0